La formación técnia de nivel superior en Chile y su vínculo con el campo laboral

La importancia de investigar la calidad y pertinencia de la formación de Técnicos de Nivel Superior radica en la necesidad social de contar con técnicos cuya formación constituya un aporte al desarrollo del país, en un esfuerzo por alcanzar una mayor equidad en la di...

Full description

Bibliographic Details
Main Author: Díaz Núñez, Roberta del Pilar
Other Authors: Vidal Rojas, Milton (profesor guía), López Jorquera, María Angélica, Miranda Barraza, María Soledad
Format: Tesis
Language:Spanish
Published: Santiago, Chile : Universidad Academia de Humanismo Cristiano, 2005.
Subjects:

MARC

LEADER 00000nmm a22000007a 4500
001 044052
003 UAHC_CL
005 20240828100926.0
008 060109b2005 cl fo d 000 spa
040 |a UAHC_CL  |c UAHC_CL  |d UAHC_CL 
100 1 |a Díaz Núñez, Roberta del Pilar 
245 1 3 |a La formación técnia de nivel superior en Chile y su vínculo con el campo laboral   |c R. del Pilar Díaz Núñez, M. Angélica Lagos Jorquera, M. Soledad Miranda; profesor guía Milton Vidal. 
260 |a Santiago, Chile :  |b Universidad Academia de Humanismo Cristiano,  |c 2005. 
300 |a 168 páginas. 
500 |a Tesis para optar al título de Ingeniero de Ejecución en Gestión Pública 
502 |a Tesis (Ingeniería de Ejecución en Gestión Pública) -- Universidad Academia de Humanismo Cristiano, 2005. 
516 |a Tesis electrónica (PDF). Solicitar envío de documento a biblioteca@academia.cl. 
520 |a La importancia de investigar la calidad y pertinencia de la formación de Técnicos de Nivel Superior radica en la necesidad social de contar con técnicos cuya formación constituya un aporte al desarrollo del país, en un esfuerzo por alcanzar una mayor equidad en la distribución del conocimiento en nuestra sociedad. En efecto, los requerimientos del sector productivo constituyen desafíos para las instituciones encargadas de preparar al personal que desempeñará labores de carácter técnico, generando estructuras flexibles, que posean la capacidad de adaptarse oportunamente a los cambios, cada vez más frecuentes, en el contexto de la globalización y la tecnología.  
650 0 |a Formación profesional  |9 5843 
650 0 |a Educación técnica  |z Chile  |9 4041 
700 1 |a Vidal Rojas, Milton  |e profesor guía 
700 1 |a López Jorquera, María Angélica 
700 1 |a Miranda Barraza, María Soledad 
900 |a TIEGPU 249 
942 |c TS  |2 ddc 
952 |0 0  |1 0  |4 0  |6 TIEGPU_249_000000000000000  |7 0  |8 COMP  |9 81683  |a BC  |b BC  |c Digital  |d 2017-08-03  |o TIEGPU 249  |r 2019-01-08 00:00:00  |w 2017-08-03  |y TS  |z Documento en PDF  |B IEGP 
999 |c 44052  |d 44052